000 00636nam a2200205Ia 4500
003 OSt
005 20260518165150.0
008 210210b2000 xxu||||| |||| 00| 0 eng d
040 _cAL
041 _aKonkani
082 _a891.468 KHAS
100 _aKHADAP, Pseud, (V J P Saldanha).
_dಖಡಾಪ್ (ವಿಜೆಪಿ ಸಲ್ಡಾನ್ಹಾ).
_9264122
245 _aSaibiniche dedshe gulob.
_bಸೈಭಿಣಿಚೊ ಗುಲೊಬ್
260 _aMangalore
_bDesco Publishers
_c2000
300 _a35
650 _aMother mary
_9264123
690 _aKonkani Miscellaneous
_9264124
906 _a059697
942 _2ddc
_cBK
999 _c107022
_d107022